000 00617nam a22001937a 4500
005 20251108172843.0
008 250721s1990 xx 000 0 ara d
082 1 4 _a601/فلا
100 1 _aفلاناغان، دنيس
245 1 0 _aدليل المواطن في العلم الحديث - عشية القرن الحادي و العشرين /
264 1 _aعمان :
_bمركز الكتب الأردني،
_c1990.
300 _a233 ص
650 1 7 _aالتكنولوجيا
650 1 7 _aالعلوم
650 1 7 _aالفلسفة
700 1 _aجرار، عادل
_etran.
942 _2ddc
_cBK
999 _c90090
_d90090